Storm sewage: separation and disposal (Record no. 414193)

000 -LEADER
fixed length control field 00551cam a22001577a 4500
008 - FIXED-LENGTH DATA ELEMENTS--GENERAL INFORMATION
fixed length control field 180718b1977 xxu||||| |||| 00| 0 eng d
020 ## - INTERNATIONAL STANDARD BOOK NUMBER
International Standard Book Number 0 11 491485 0
082 ## - DEWEY DECIMAL CLASSIFICATION NUMBER
Classification number X81x42 Un3s
245 ## - TITLE STATEMENT
Title Storm sewage: separation and disposal
Statement of responsibility, etc. by Scottish Development Department
260 ## - PUBLICATION, DISTRIBUTION, ETC.
Place of publication, distribution, etc. Edingburgh
Name of publisher, distributor, etc. Her Majesty's Stationery Office
Date of publication, distribution, etc. 1977
300 ## - PHYSICAL DESCRIPTION
Extent 120p
500 ## - GENERAL NOTE
General note Report of the working party on storm sewage(Scotland)
650 ## - SUBJECT ADDED ENTRY--TOPICAL TERM
Topical term or geographic name entry element Sewage disposal --Scotland.
650 ## - SUBJECT ADDED ENTRY--TOPICAL TERM
Topical term or geographic name entry element Storm sewers --Scotland
700 ## - ADDED ENTRY--PERSONAL NAME
Personal name U.K. Scottish Development Department
Holdings
Withdrawn status Lost status Damaged status Not for loan Permanent Location Current Location Date acquired Full call number Barcode Date last seen Price effective from Koha item type
        Indian Institute of Public Administration Indian Institute of Public Administration 2009-02-23 X81x42 Un3s DA5016 2018-07-21 2018-07-21 DA

Powered by Koha